Harry Potter Books Quiz Stats

 Plays Quiz Updated Oct 4, 2017

Support Sporcle.
Go Orange.
Score 0/7 Timer 02:00
9 Plays Today
Year Harry Potter Book Title % Correct
1998Harry Potter and the Chamber of Secrets
93.6%
1997Harry Potter and the Sorcerer's Stone
90.6%
2000Harry Potter and the Goblet of Fire
90.4%
2005Harry Potter and the Half-Blood Prince
88.5%
1999Harry Potter and the Prisoner of Azkaban
88%
2003Harry Potter and the Order of the Phoenix
82%
2007Harry Potter and the Deathly Hallows
81.6%

From the Vault

Green Day Songs

by JasonTH

Music 15m
Green Day has been releasing music for over 20 years, and they're still going strong.
Remove Ads.
Support Sporcle.
Get the best of Sporcle when you Go Orange. This ad-free experience offers more features, more stats, and more fun while also helping to support Sporcle. Thank you for becoming a member.

Show Comments

Extras

Top Quizzes Today


Score Distribution

Your Account Isn't Verified!

In order to create a playlist on Sporcle, you need to verify the email address you used during registration. Go to your Sporcle Settings to finish the process.

Report this User

Report this user for behavior that violates our Community Guidelines.

Details: